| 000 | 00601nam a2200193 u 4500 | ||
|---|---|---|---|
| 005 | 20230909063544.0 | ||
| 008 | 160726s2010 mx r 000 0 spa d | ||
| 035 | _aUPN01000211928 | ||
| 049 | _aI | ||
| 050 | 4 |
_aQC495.5 _bO2.3 |
|
| 100 | 1 |
_aOchoa, Jesús _939853 |
|
| 245 | 1 | 0 |
_aColores salvajes / _cJesús Ochoa. |
| 260 |
_aMéxico : _bTecolote, _c2010. |
||
| 300 |
_a[34] p. : _bprincipalmente il. col. |
||
| 650 | 2 |
_aColores _vLiteratura infantil _921262 |
|
| 650 | 7 |
_aAnimales de la selva _vLiteratura infantil _2 _921432 |
|
| 650 | 7 |
_aLibros ilustrados para niños _2 _921365 |
|
| 905 | _aInfantil | ||
| 999 |
_c184029 _d184029 |
||